Central Library OPAC University of Rajshahi

Soviet economic growth : (Record no. 43189)

MARC details
000 -LEADER
fixed length control field 01415nam a2200277 a 4500
001 - CONTROL NUMBER
control field 43189
003 - CONTROL NUMBER IDENTIFIER
rucl marc code BD-RjUL
005 - DATE AND TIME OF LATEST TRANSACTION
control field 20211209053647.0
008 - FIXED-LENGTH DATA ELEMENTS--GENERAL INFORMATION
fixed length control field 160620s1953 ilua b 101 0 eng
035 ## - SYSTEM CONTROL NUMBER
System control number (BD-RjUL)43307
040 ## - CATALOGING SOURCE
Original cataloging agency DLC
Transcribing agency CSU
Modifying agency SER
-- BD-RjUL
Language of cataloging eng
041 ## - LANGUAGE CODE
Language code of text/sound track or separate title eng
082 ## - DEWEY DECIMAL CLASSIFICATION NUMBER
Classification number 330.947
Edition number 23
Author mark and year SOV 1953
110 2# - MAIN ENTRY--CORPORATE NAME
Corporate name or jurisdiction name as entry element Joint Committee on Slavic Studies (U.S.)
9 (RLIN) 132632
245 10 - TITLE STATEMENT
Title Soviet economic growth :
Remainder of title conditions and perspectives /
Statement of responsibility, etc. Abram Bergson, editor.
260 ## - PUBLICATION, DISTRIBUTION, ETC. (IMPRINT)
Place of publication, distribution, etc. Evanston, Ill. :
Name of publisher, distributor, etc. Row, Peterson ;
Date of publication, distribution, etc. 1953
300 ## - PHYSICAL DESCRIPTION
Pagination viii, 376 p. :
Illustrations ill. ;
Size 24 cm.
Accompanying material Appendix to Chapter 2, "Capital formation and allocation" ([1], 16 leaves ; 28 cm.)
500 ## - GENERAL NOTE
General note "Sets forth in ... revised form the proceedings of a conference held at Arden House, Harriman, N.Y., May 23-25, 1952 ... organized under the sponsorship of the Joint Committee on Slavic Studies of the American Council of Learned Societies and the Social Science Research Council."
General note 'Appendix to Chapter 2, "Capital formation and allocation" by Norman M. Kaplan, Soviet economic growth, Abram Bergson, editor.' -- head of t.p. of Appendix.
504 ## - BIBLIOGRAPHY, ETC. NOTE
Bibliography, etc Includes bibliographical footnotes and index.
650 #0 - SUBJECT ADDED ENTRY--TOPICAL TERM
Topical term or geographic name as entry element Labor supply
Geographic subdivision Soviet Union.
9 (RLIN) 132633
Topical term or geographic name as entry element Economic conditions
Geographic subdivision Soviet Union
Chronological subdivision 1917-1945.
9 (RLIN) 132634
700 10 - ADDED ENTRY--PERSONAL NAME
Personal name Bergson, Abram.
Dates associated with a name 1914-2003
942 ## - ADDED ENTRY ELEMENTS (KOHA)
Source of classification or shelving scheme Dewey Decimal Classification
Koha item type Books
Holdings
Lost status Source of classification or shelving scheme Damaged status Not for loan Collection code Permanent Location Current Location Shelving location Date acquired Source of acquisition Cost, normal purchase price Total Checkouts Full call number Date last seen Copy number Koha item type
  Dewey Decimal Classification     Non-fiction Central Library, University of Rajshahi Central Library, University of Rajshahi   02/05/1967 Everyman Book House 30.00   330.947 SOV 1953 20/06/2016 C-2 Books